[Event "Arco op 44th"]
[Site "Arco"]
[Date "2022.10.09"]
[Round "2"]
[White "Ventura, Sergio"]
[Black "Zeller, Frank"]
[Result "0-1"]
[WhiteElo "1999"]
[BlackElo "2346"]
[PlyCount "64"]
[EventDate "2022.10.08"]
[EventType "swiss"]
[EventRounds "9"]
[EventCountry "ITA"]
[SourceTitle "CBM 210 Extra"]
[Source "ChessBase"]
[SourceDate "2022.11.30"]
[SourceVersion "1"]
[SourceVersionDate "2022.11.30"]
[SourceQuality "1"]

1. c4 g6 2. Nf3 Bg7 3. g3 c5 4. Bg2 Nc6 5. Nc3 d6 6. 0-0 e5 7. d3 Nge7 8. a3 0-0 9. Rb1 a5 10. Ne1 Be6 11. Nc2 d5 12. cxd5 Nxd5 13. Nxd5 Bxd5 14. Bxd5 Qxd5 15. b3 Rad8 16. Bb2 Qe6 17. Qc1 h5 18. Bc3 Nd4 19. Nxd4 exd4 20. Bxa5 b6 21. Bd2 Qxe2 22. Bg5 Rd5 23. Rd1 Rf5 24. Rb2 Qf3 25. h4 f6 26. Bf4 g5 27. Bd6 Rd8 28. Re1 gxh4 29. gxh4 Rxd6 30. Qc4+ Rdd5 31. Re8+ Kh7 32. Rbe2 Rg5+ 0-1

[Event "Cannes op 26th"]
[Site "Cannes"]
[Date "2014.07.10"]
[Round "5"]
[White "Ventura, Sergio"]
[Black "Robin, Samy"]
[Result "0-1"]
[WhiteElo "2136"]
[BlackElo "2278"]
[PlyCount "114"]
[EventDate "2014.07.07"]
[EventType "swiss"]
[EventRounds "9"]
[EventCountry "FRA"]
[SourceTitle "EXT 2015"]
[Source "ChessBase"]
[SourceDate "2014.11.20"]
[SourceVersion "1"]
[SourceVersionDate "2014.11.20"]
[SourceQuality "1"]

1. Nf3 g6 2. c4 Bg7 3. Nc3 e5 4. g3 f5 5. d3 Ne7 6. Bg2 0-0 7. Bd2 h6 8. Rb1 c6 9. e4 d6 10. 0-0 Be6 11. Qc2 fxe4 12. Nxe4 Bg4 13. Ne1 d5 14. cxd5 cxd5 15. Nc5 b6 16. f3 Bf5 17. g4 Bc8 18. Nb3 Nbc6 19. Rc1 Qd6 20. Be3 Ba6 21. Qd2 Kh7 22. f4 d4 23. fxe5 Rxf1+ 24. Kxf1 Rf8+ 25. Kg1 Bxe5 26. Bxh6 Bxh2+ 27. Kh1 Bf4 28. Bxf4 Rxf4 29. Be4 Qf6 30. Qh2+ Kg7 31. Ng2 Rf1+ 32. Rxf1 Qxf1+ 33. Qg1 Bxd3 34. Qxf1 Bxf1 35. Nf4 Kf6 36. Nd2 Ba6 37. Nxg6 Kg5 38. Nf3+ Kxg4 39. Nxe7 Nxe7 40. Nxd4 Kf4 41. Ba8 Ke3 42. Nc2+ Kd2 43. Nb4 Bb5 44. Kg2 a5 45. Nd5 Nxd5 46. Bxd5 Kc2 47. b3 Kb2 48. Kf2 Kxa2 49. b4+ Kb2 50. bxa5 bxa5 51. Ke3 a4 52. Kd4 a3 53. Kc5 Bd3 54. Kb4 Bb1 55. Be6 Ba2 56. Bf5 Bf7 57. Bb1 Bb3 0-1

[Event "Cannes op 26th"]
[Site "Cannes"]
[Date "2014.07.08"]
[Round "2"]
[White "Bergougnoux, Axel"]
[Black "Ventura, Sergio"]
[Result "1-0"]
[WhiteElo "1859"]
[BlackElo "2136"]
[PlyCount "75"]
[EventDate "2014.07.07"]
[EventType "swiss"]
[EventRounds "9"]
[EventCountry "FRA"]
[SourceTitle "EXT 2015"]
[Source "ChessBase"]
[SourceDate "2014.11.20"]
[SourceVersion "1"]
[SourceVersionDate "2014.11.20"]
[SourceQuality "1"]

1. e4 d6 2. d4 Nf6 3. Nc3 g6 4. f4 Bg7 5. a3 0-0 6. Nf3 a6 7. Bd3 c5 8. dxc5 dxc5 9. Be3 Qc7 10. e5 Ng4 11. Bg1 Rd8 12. Qe2 Nh6 13. Be4 Be6 14. Ng5 Bg4 15. Qc4 Nc6 16. Qxc5 Rac8 17. h3 Qd7 18. Qe3 f6 19. e6 Qc7 20. Nf7 f5 21. Nxd8 Rxd8 22. hxg4 Bd4 23. Qg3 Bxg1 24. gxf5 Qb6 25. fxg6 Ng4 26. gxh7+ Kh8 27. Nd1 Rxd1+ 28. Kxd1 Qxb2 29. Qxg4 Qxa1+ 30. Ke2 Nd4+ 31. Kd2 Nb3+ 32. cxb3 Qd4+ 33. Bd3 Qb2+ 34. Kd1 Qxb3+ 35. Bc2 Qd5+ 36. Ke2 Qc4+ 37. Ke1 Qc3+ 38. Kf1 1-0

[Event "Arco Pasqua op 1st"]
[Site "Arco"]
[Date "2014.04.11"]
[Round "6"]
[White "Ventura, Sergio"]
[Black "Sprotte, Norbert"]
[Result "0-1"]
[WhiteElo "2100"]
[BlackElo "2175"]
[PlyCount "74"]
[EventDate "2014.04.06"]
[EventType "swiss"]
[EventRounds "7"]
[EventCountry "ITA"]
[SourceTitle "CBM 160 Extra"]
[Source "ChessBase"]
[SourceDate "2014.07.01"]
[SourceVersion "1"]
[SourceVersionDate "2014.07.01"]
[SourceQuality "1"]

1. Nf3 Nf6 2. c4 c6 3. g3 d5 4. Bg2 Bf5 5. 0-0 e6 6. b3 Be7 7. d3 h6 8. Ba3 Bxa3 9. Nxa3 a5 10. Qd2 0-0 11. Rfc1 Na6 12. h3 Nb4 13. Nc2 Nxc2 14. Rxc2 Qe7 15. g4 Bh7 16. g5 hxg5 17. Qxg5 Rfe8 18. Kh1 Nd7 19. Qg3 f6 20. Rg1 a4 21. Nd4 g6 22. cxd5 exd5 23. Nxc6 bxc6 24. Rxc6 Ne5 25. Bxd5+ Kg7 26. Re6 Qc7 27. d4 Rxe6 28. dxe5 Qc8 29. Bxe6 Qxe6 30. exf6+ Qxf6 31. Rd1 Re8 32. e3 Bg8 33. Rd6 Qf5 34. bxa4 Bd5+ 35. Kh2 Rh8 36. a5 Rxh3+ 37. Qxh3 Qxf2+ 0-1

[Event "Condino op"]
[Site "Condino"]
[Date "2010.07.29"]
[Round "6"]
[White "Ventura, Sergio"]
[Black "Daniel, Jiri"]
[Result "1-0"]
[WhiteElo "2103"]
[BlackElo "2000"]
[PlyCount "79"]
[EventDate "2010.07.26"]
[EventType "swiss"]
[EventRounds "7"]
[EventCountry "ITA"]
[SourceTitle "CBM 137 Extra"]
[Source "ChessBase"]
[SourceDate "2010.09.01"]
[SourceVersion "1"]
[SourceVersionDate "2010.09.01"]
[SourceQuality "1"]

1. f4 e5 2. d3 Nc6 3. Nf3 d6 4. g3 f5 5. c4 Nf6 6. Nc3 g6 7. Bg2 Bg7 8. Bd2 0-0 9. Qb3 Kh8 10. 0-0-0 Nd4 11. Nxd4 exd4 12. Nb5 Nd7 13. Ba5 Nb6 14. Qa3 Re8 15. Bxb6 cxb6 16. Qxd6 Qxd6 17. Nxd6 Re7 18. Bd5 h6 19. Rde1 Be6 20. Bf3 Rd8 21. Nb5 a6 22. Na3 b5 23. b3 Rc7 24. Kb1 bxc4 25. dxc4 Bf8 26. Nc2 b5 27. cxb5 axb5 28. Rd1 Bg7 29. Rd3 Rd6 30. Rhd1 Ra6 31. Nxd4 Bc4 32. bxc4 bxc4 33. Rc3 Rca7 34. Rc2 Rc7 35. e3 c3 36. Rd3 Re7 37. Rdxc3 Rb6+ 38. Kc1 g5 39. Rc8+ Kh7 40. Nxf5 1-0

[Event "Condino op"]
[Site "Condino"]
[Date "2010.07.27"]
[Round "3"]
[White "Pichler, Christoph"]
[Black "Ventura, Sergio"]
[Result "1-0"]
[WhiteElo "1867"]
[BlackElo "2103"]
[PlyCount "61"]
[EventDate "2010.07.26"]
[EventType "swiss"]
[EventRounds "7"]
[EventCountry "ITA"]
[SourceTitle "CBM 137 Extra"]
[Source "ChessBase"]
[SourceDate "2010.09.01"]
[SourceVersion "1"]
[SourceVersionDate "2010.09.01"]
[SourceQuality "1"]

1. e4 d6 2. d4 g6 3. Nc3 c6 4. Bc4 Nf6 5. Bf4 b5 6. Bd3 Nbd7 7. Qd2 Nb6 8. f3 Rb8 9. b3 h5 10. a3 Bg7 11. Nge2 a6 12. 0-0 Nfd7 13. Rad1 Qc7 14. Be3 Nf6 15. h3 Bb7 16. f4 c5 17. dxc5 dxc5 18. e5 Nfd5 19. e6 f5 20. Nxd5 Nxd5 21. c4 Nxe3 22. Qxe3 Qc6 23. Qg3 Qxe6 24. cxb5 Bd5 25. Rfe1 Kf8 26. Nc3 Qf7 27. Nxd5 Qxd5 28. Bc4 Bd4+ 29. Kh1 h4 30. Qxg6 Rg8 31. Qh6+ 1-0

[Event "Venice Autumn op 11th"]
[Site "Venice"]
[Date "2005.10.30"]
[Round "3"]
[White "Ventura, Sergio"]
[Black "Pomaro, Stefano"]
[Result "1-0"]
[WhiteElo "2100"]
[BlackElo "1919"]
[PlyCount "65"]
[EventDate "2005.10.29"]
[EventType "swiss"]
[EventRounds "6"]
[EventCountry "ITA"]
[SourceTitle "EXT 2006"]
[Source "ChessBase"]
[SourceDate "2005.11.24"]
[SourceVersion "1"]
[SourceVersionDate "2005.11.24"]
[SourceQuality "1"]

1. c4 f5 2. Nc3 Nf6 3. g3 e5 4. Bg2 Nc6 5. a3 Be7 6. b4 0-0 7. Bb2 Qe8 8. Nd5 Bd8 9. b5 Na5 10. Qa4 c6 11. Nxf6+ Rxf6 12. Bc3 b6 13. f4 exf4 14. gxf4 Rg6 15. Bf3 Bh4+ 16. Kf1 Qe6 17. Bxa5 bxa5 18. e3 Bb7 19. Rc1 cxb5 20. Bxb7 bxa4 21. Bd5 Rb8 22. Nf3 Bf6 23. Rg1 Rxg1+ 24. Kxg1 Rb3 25. Bxe6+ dxe6 26. c5 Rb7 27. d4 Kf7 28. Rc4 Ke7 29. Rxa4 Kd7 30. Rxa5 Kc6 31. Kf2 h6 32. Ra6+ Kd7 33. c6+ 1-0

[Event "Cesenatico op 9th"]
[Site "Cesenatico"]
[Date "2004.09.05"]
[Round "2"]
[White "Tomescu, Vlad"]
[Black "Ventura, Sergio"]
[Result "1-0"]
[WhiteElo "2397"]
[BlackElo "2175"]
[PlyCount "79"]
[EventDate "2004.09.04"]
[EventType "swiss"]
[EventRounds "9"]
[EventCountry "ITA"]
[SourceTitle "EXT 2007"]
[Source "ChessBase"]
[SourceDate "2006.11.23"]
[SourceVersion "1"]
[SourceVersionDate "2006.11.23"]
[SourceQuality "1"]

1. d4 c5 2. d5 f5 3. c4 g6 4. g3 Bg7 5. Bg2 Nf6 6. Nc3 0-0 7. Nf3 Na6 8. 0-0 d6 9. Rb1 Bd7 10. e4 fxe4 11. Ng5 Bg4 12. Qd2 Nb4 13. b3 Nd3 14. Ncxe4 Nxc1 15. Rbxc1 Qd7 16. Rce1 Bh6 17. h4 Nxe4 18. Rxe4 Rf7 19. Rfe1 Raf8 20. f4 Bxg5 21. hxg5 b6 22. Kh2 Re8 23. Qc3 Qc8 24. Bf3 Bf5 25. R4e3 Qd7 26. Qd2 Qc8 27. Qe2 Bd7 28. Qb2 Bg4 29. Qg2 Qf5 30. Bxg4 Qxg4 31. Re6 Qh5+ 32. Kg1 h6 33. gxh6 Qxh6 34. Rxd6 Qg7 35. Rde6 g5 36. Qe4 Rf6 37. Rxf6 Qxf6 38. Qe5 Rf8 39. Qxf6 exf6 40. Re7 1-0

[Event "Porto San Giorgio op 16th"]
[Site "Porto San Giorgio"]
[Date "2004.08.25"]
[Round "5"]
[White "Ventura, Sergio"]
[Black "Djuric, Stefan"]
[Result "1-0"]
[WhiteElo "2175"]
[BlackElo "2511"]
[PlyCount "99"]
[EventDate "2004.08.21"]
[EventType "swiss"]
[EventRounds "9"]
[EventCountry "ITA"]
[SourceTitle "CBM 101 Extra"]
[Source "ChessBase"]
[SourceDate "2004.09.01"]
[SourceVersion "2"]
[SourceVersionDate "2004.09.01"]
[SourceQuality "1"]

1. c4 g6 2. Nc3 c5 3. Nf3 Bg7 4. g3 Nc6 5. Bg2 d6 6. 0-0 e5 7. d3 Nge7 8. a3 0-0 9. Rb1 a5 10. Bg5 f6 11. Be3 Be6 12. Ne1 Rb8 13. Nc2 b6 14. b4 Qd7 15. Bd2 f5 16. bxa5 Nxa5 17. Ne3 Nec6 18. Ned5 Qa7 19. Nb5 Qd7 20. Nbc7 Bf7 21. Qa4 Kh8 22. Na6 Rbd8 23. Nxb6 Qa7 24. Bxa5 Nd4 25. Bd2 Be8 26. Qa5 e4 27. Nd5 Ra8 28. Ndc7 Nxe2+ 29. Kh1 Bc6 30. Nxa8 Qxa8 31. Nc7 Qc8 32. Rfe1 Nd4 33. Nb5 e3 34. Rxe3 Qb7 35. Bxc6 Qxc6+ 36. Kg1 f4 37. Nxd4 Bxd4 38. gxf4 Bxe3 39. Bxe3 Qf3 40. Qc3+ Kg8 41. Qb2 Qg4+ 42. Kf1 Qh3+ 43. Ke2 Re8 44. Qb7 Kh8 45. Qf3 Qe6 46. Kf1 Qf5 47. Qd5 Qh3+ 48. Ke2 Qg4+ 49. Kd2 Rd8 50. Rb7 1-0

[Event "Porto San Giorgio op 16th"]
[Site "Porto San Giorgio"]
[Date "2004.08.22"]
[Round "2"]
[White "Farago, Ivan"]
[Black "Ventura, Sergio"]
[Result "1-0"]
[WhiteElo "2472"]
[BlackElo "2175"]
[PlyCount "59"]
[EventDate "2004.08.21"]
[EventType "swiss"]
[EventRounds "9"]
[EventCountry "ITA"]
[SourceTitle "CBM 101 Extra"]
[Source "ChessBase"]
[SourceDate "2004.09.01"]
[SourceVersion "2"]
[SourceVersionDate "2004.09.01"]
[SourceQuality "1"]

1. d4 c5 2. d5 f5 3. c4 Nf6 4. Nc3 g6 5. g3 Bg7 6. Bg2 d6 7. Nh3 Nbd7 8. Ng5 Nf8 9. 0-0 h6 10. Nf3 a6 11. Re1 Rb8 12. a4 b6 13. Qc2 Qc7 14. Ra3 Rb7 15. Nh4 Ng4 16. e4 Bf6 17. Nf3 Kf7 18. exf5 Bxf5 19. Qe2 Nd7 20. Ne4 Nge5 21. Nxf6 exf6 22. Nh4 b5 23. axb5 axb5 24. Nxf5 gxf5 25. f4 bxc4 26. fxe5 Nxe5 27. Qh5+ Kg7 28. Qxf5 Rb3 29. Rf1 Qe7 30. Ra7 1-0

[Event "Cortina d'Ampezzo op 2nd"]
[Site "Cortina d'Ampezzo"]
[Date "2004.07.??"]
[Round "6"]
[White "Belloni, Umberto"]
[Black "Ventura, Sergio"]
[Result "0-1"]
[WhiteElo "1955"]
[BlackElo "2175"]
[PlyCount "34"]
[EventDate "2004.07.11"]
[EventType "swiss"]
[EventRounds "7"]
[EventCountry "ITA"]
[SourceTitle "CBM 101 Extra"]
[Source "ChessBase"]
[SourceDate "2004.09.01"]
[SourceVersion "2"]
[SourceVersionDate "2004.09.01"]
[SourceQuality "1"]

1. e4 d6 2. d4 Nf6 3. Qe2 c6 4. c3 e5 5. dxe5 dxe5 6. Bg5 Be7 7. Bxf6 Bxf6 8. Na3 0-0 9. Nc2 Be6 10. Ne3 Nd7 11. Qc2 Bg5 12. Nf5 Nc5 13. b4 Nxe4 14. Rd1 Qf6 15. Nxg7 Rad8 16. Rxd8 Rxd8 17. Nf3 Bd2+ 0-1

[Event "Cortina d'Ampezzo op 2nd"]
[Site "Cortina d'Ampezzo"]
[Date "2004.07.??"]
[Round "5"]
[White "Ventura, Sergio"]
[Black "Bisignano, Giuseppe"]
[Result "0-1"]
[WhiteElo "2175"]
[BlackElo "1958"]
[PlyCount "50"]
[EventDate "2004.07.11"]
[EventType "swiss"]
[EventRounds "7"]
[EventCountry "ITA"]
[SourceTitle "CBM 101 Extra"]
[Source "ChessBase"]
[SourceDate "2004.09.01"]
[SourceVersion "2"]
[SourceVersionDate "2004.09.01"]
[SourceQuality "1"]

1. c4 e5 2. Nc3 Nc6 3. g3 f5 4. Bg2 Nf6 5. a3 a5 6. b3 Bc5 7. Bb2 0-0 8. Nd5 Ng4 9. e3 d6 10. h3 Nxf2 11. Kxf2 f4 12. gxf4 exf4 13. Nf3 fxe3+ 14. dxe3 Ne5 15. Ke2 c6 16. Rg1 Ng6 17. b4 Ba7 18. Qd2 cxd5 19. Qxd5+ Kh8 20. Ng5 Qe7 21. Be4 Rf5 22. Bxg7+ Kxg7 23. Nxh7 Rxd5 24. Rxg6+ Kh8 25. Nf6 Bf5 0-1

[Event "Cortina d'Ampezzo op 2nd"]
[Site "Cortina d'Ampezzo"]
[Date "2004.07.??"]
[Round "1"]
[White "Ventura, Sergio"]
[Black "Dvirnyy, Danyyil"]
[Result "1-0"]
[WhiteElo "2175"]
[BlackElo "1968"]
[PlyCount "99"]
[EventDate "2004.07.11"]
[EventType "swiss"]
[EventRounds "7"]
[EventCountry "ITA"]
[SourceTitle "CBM 101 Extra"]
[Source "ChessBase"]
[SourceDate "2004.09.01"]
[SourceVersion "2"]
[SourceVersionDate "2004.09.01"]
[SourceQuality "1"]

1. c4 Nf6 2. Nc3 g6 3. g3 Bg7 4. Bg2 0-0 5. d3 c6 6. Nf3 d5 7. cxd5 Nxd5 8. Bd2 Nd7 9. 0-0 N7f6 10. Qb3 Qb6 11. Qa3 Qc7 12. Rfc1 Be6 13. Rab1 Qd6 14. Qa4 Nb6 15. Qd1 Nbd5 16. Na4 Nd7 17. b4 Bg4 18. Ng5 e5 19. h3 Be6 20. Nc5 Nxc5 21. bxc5 Qe7 22. Nxe6 fxe6 23. Qb3 Rf7 24. Qa4 Qf6 25. Bf3 h6 26. Rb3 Rd7 27. Rcb1 Qf7 28. Qh4 Kh7 29. Qc4 Rf8 30. Qc1 Qf5 31. Kg2 Qf7 32. Ra3 a6 33. Ra4 Rfd8 34. Rh4 h5 35. Bg5 Bf6 36. Be4 Kg8 37. Rb3 Rf8 38. f3 Qh7 39. Bxf6 Nxf6 40. Qg5 Nxe4 41. Rxe4 Rf5 42. Qe3 Qh8 43. Rb6 Qg7 44. g4 Rd5 45. Rb1 Rf7 46. a4 Qf8 47. Rxe5 hxg4 48. hxg4 Rh7 49. Rxe6 Qxc5 50. Re8+ 1-0

[Event "Cortina d'Ampezzo op 2nd"]
[Site "Cortina d'Ampezzo"]
[Date "2004.07.??"]
[Round "3"]
[White "Ventura, Sergio"]
[Black "Gardi, Giuseppe"]
[Result "0-1"]
[WhiteElo "2175"]
[BlackElo "2061"]
[PlyCount "80"]
[EventDate "2004.07.11"]
[EventType "swiss"]
[EventRounds "7"]
[EventCountry "ITA"]
[SourceTitle "CBM 101 Extra"]
[Source "ChessBase"]
[SourceDate "2004.09.01"]
[SourceVersion "2"]
[SourceVersionDate "2004.09.01"]
[SourceQuality "1"]

1. f4 g6 2. Nf3 Bg7 3. e3 d5 4. d4 Nf6 5. Bd3 0-0 6. c3 c5 7. 0-0 b6 8. Nbd2 Ba6 9. Bxa6 Nxa6 10. Qe2 Qc8 11. Ne5 Nc7 12. g4 Nce8 13. g5 Ne4 14. Nxe4 dxe4 15. Bd2 Nd6 16. Ng4 Nf5 17. Nf2 Qb7 18. Rad1 Nh4 19. Bc1 Nf3+ 20. Kg2 Nh4+ 21. Kh3 Nf5 22. dxc5 bxc5 23. Qc4 Nd6 24. Qxc5 h6 25. Kg2 Qa6 26. h3 hxg5 27. Qxg5 Bf6 28. Qg4 Kg7 29. a3 Rh8 30. Rd5 e6 31. Rd2 Rh4 32. Qe2 Qc6 33. Rfd1 Nf5 34. Rd7 Rah8 35. Rxa7 Rxf4 36. exf4 e3+ 37. Kh2 exf2 38. Be3 Qe4 39. Qxf2 Nxe3 40. Rg1 Bh4 0-1